England Counties by Border - Statistics

General Stats
  • This quiz has been taken 32 times
  • The average score is 36 of 47
Answers on the Map
Answers color-coded by a green-red scale on the quiz's map according to % correct below.
 
Answer Stats
County % Correct
Durham
94%
North Yorkshire
94%
Cumbria
89%
Essex
89%
Greater London
89%
Leicestershire
89%
Lincolnshire
89%
Northamptonshire
89%
Tyne and Wear
89%
Berkshire
83%
Cambridgeshire
83%
Cheshire
83%
Hampshire
83%
Kent
83%
Lancashire
83%
Norfolk
83%
Northumberland
83%
South Yorkshire
83%
Suffolk
83%
Surrey
83%
Derbyshire
78%
Devon
78%
Dorset
78%
Somerset
78%
Staffordshire
78%
West Yorkshire
78%
Buckinghamshire
72%
Cornwall
72%
East Riding of Yorkshire
72%
East Sussex
72%
Gloucestershire
72%
Greater Manchester
72%
Hertfordshire
72%
Nottinghamshire
72%
Rutland
72%
Warwickshire
72%
Worcestershire
72%
Bedfordshire
67%
Oxfordshire
67%
Shropshire
67%
West Midlands
67%
West Sussex
67%
Wiltshire
67%
Herefordshire
61%
City of Bristol
56%
Isle of Wight
56%
Merseyside
56%
No matching quizzes found
Score Distribution
Percent of People with Each Score
Percentile by Number Answered
Your Score History
You have not taken this quiz